Tổ quôÌc vaÌ€ tiÌ€nh yêu
Saved in:
| Main Author: | |
|---|---|
| Format: | Book |
| Language: | Undetermined |
| Published: |
Tp HCM
Trẻ
1998
|
| Subjects: | |
| Online Access: | http://lrc.tdmu.edu.vn/opac/search/detail.asp?aID=2&ID=7608 |
| Tags: |
Add Tag
No Tags, Be the first to tag this record!
|
| Institutions: | Trung tâm Học liệu Trường Đại học Thủ Dầu Một |
|---|
| LEADER | 00671nam a2200193Ia 4500 | ||
|---|---|---|---|
| 001 | TDMU_7608 | ||
| 008 | 210410s9999 xx 000 0 und d | ||
| 082 | |a 895.9221 | ||
| 090 | |b L250 | ||
| 100 | |a Lê, TiêÌn MơÌ£i | ||
| 245 | 0 | |a Tổ quôÌc vaÌ€ tiÌ€nh yêu | |
| 245 | 0 | |c Lê TiêÌn MơÌ£i | |
| 260 | |a Tp HCM | ||
| 260 | |b Trẻ | ||
| 260 | |c 1998 | ||
| 300 | |a 111tr. | ||
| 650 | |a Thơ ViêÌ£t Nam; Thơ; Thơ ViêÌ£t Nam; Tổ quôÌc; TiÌ€nh Yêu | ||
| 856 | |u http://lrc.tdmu.edu.vn/opac/search/detail.asp?aID=2&ID=7608 | ||
| 980 | |a Trung tâm Học liệu Trường Đại học Thủ Dầu Một | ||